|
|
|
|
| LEADER |
00000cam a22000004a 4500 |
| 001 |
musev2_2793 |
| 003 |
MdBmJHUP |
| 005 |
20230905040349.0 |
| 006 |
m o d |
| 007 |
cr||||||||nn|n |
| 008 |
090122s2009 txu o 00 0 eng d |
| 010 |
|
|
|z 2009001516
|
| 020 |
|
|
|a 9781603443258
|
| 020 |
|
|
|z 9781603444682
|
| 020 |
|
|
|z 9781603441223
|
| 020 |
|
|
|z 1603443258
|
| 020 |
|
|
|z 1603441220
|
| 035 |
|
|
|a (OCoLC)715188653
|
| 040 |
|
|
|a MdBmJHUP
|c MdBmJHUP
|
| 043 |
|
|
|a n-us-tx
|
| 050 |
0 |
4 |
|a HD1695.S35
|b P676 2009
|
| 082 |
0 |
|
|a 333.91009764/351
|2 22
|
| 100 |
1 |
|
|a Porter, Charles R.,
|d 1952-
|
| 245 |
1 |
0 |
|a Spanish Water, Anglo Water :
|b Early Development in San Antonio /
|c Charles R. Porter Jr.
|
| 250 |
|
|
|a 1st ed.
|
| 264 |
|
1 |
|a College Station :
|b Texas A&M University Press,
|c 2009.
|
| 264 |
|
3 |
|a Baltimore, Md. :
|b Project MUSE,
|c 2012
|
| 264 |
|
4 |
|c ©2009.
|
| 300 |
|
|
|a 1 online resource (196 pages):
|b ill., maps ;
|
| 336 |
|
|
|a text
|b txt
|2 rdacontent
|
| 337 |
|
|
|a computer
|b c
|2 rdamedia
|
| 338 |
|
|
|a online resource
|b cr
|2 rdacarrier
|
| 490 |
0 |
|
|a Centennial series of the Association of Former Students, Texas A&M University ;
|v no. 113
|
| 504 |
|
|
|a Includes bibliographical references and index.
|
| 505 |
0 |
|
|a God's water -- Droughts and deluges -- The country of 1,100 springs -- Eyewitness reports of God's water -- Spain and Mexico's water, 1718-1836 -- Missions settle San Antonio -- Acequia technology -- Derecho Indiano : law with justice -- Water, land, and work -- Conflict, cooperation, and compromise -- Republic of Texas and United States water, 1836-1902 -- New people, old laws -- Acequias overwhelmed -- The first water works company -- Water : politicians' "gold".
|
| 588 |
|
|
|a Description based on print version record.
|
| 650 |
|
0 |
|a Irrigation canals and flumes
|z Texas
|z San Antonio
|x History.
|
| 650 |
|
0 |
|a Land tenure
|z Texas
|z San Antonio
|x History.
|
| 650 |
|
0 |
|a Water
|z Texas
|z San Antonio
|x Distribution
|x Management
|x History.
|
| 650 |
|
0 |
|a Water-supply
|x Political aspects
|z Texas
|z San Antonio
|x History.
|
| 650 |
|
0 |
|a Water-supply
|x Social aspects
|z Texas
|z San Antonio
|x History.
|
| 650 |
|
0 |
|a Water rights
|z Texas
|z San Antonio
|x History.
|
| 651 |
|
0 |
|a San Antonio (Tex.)
|x History.
|
| 655 |
|
7 |
|a Electronic books.
|2 local
|
| 710 |
2 |
|
|a Project Muse.
|e distributor
|
| 830 |
|
0 |
|a Centennial series of the Association of Former Students, Texas A&M University ;
|v no. 113.
|
| 830 |
|
0 |
|a Book collections on Project MUSE.
|
| 856 |
4 |
0 |
|z Texto completo
|u https://projectmuse.uam.elogim.com/book/2793/
|
| 945 |
|
|
|a Project MUSE - Custom Collection
|
| 945 |
|
|
|a Project MUSE - Archive Complete Foundation
|
| 945 |
|
|
|a Project MUSE - Archive US Regional Studies, South Foundation
|